| 000 | 01172nam a22003377a 4500 | ||
|---|---|---|---|
| 001 | 3824547 | ||
| 003 | OSt | ||
| 005 | 20210426124328.0 | ||
| 008 | 860812s1987 nyuaf 001 0 eng | ||
| 010 | _a 86021680 | ||
| 020 | _a0195037820 (alk. paper) | ||
| 040 |
_aDLC _cDLC _dDLC _beng |
||
| 041 | _aeng | ||
| 050 | 0 | 0 |
_aPS2123 _b.A3 1987 |
| 080 |
_a92 _bE-21 |
||
| 082 | 0 | 0 |
_a818/.403 _219 |
| 100 | 1 |
_aJames, Henry, _d1843-1916. |
|
| 245 | 1 | 4 |
_aThe complete notebooks of Henry James / _cedited with introductions and notes by Leon Edel and Lyall H. Powers. _b/ by: Oxford University Press |
| 260 |
_aNew York _bOxford University Press _c1987. |
||
| 300 |
_axxix, 633 p., [8] p. of plates _bill. _c24 cm. |
||
| 365 | _b30 usd | ||
| 500 | _aIncludes index. | ||
| 600 | 1 | 0 |
_aJames, Henry, _d1843-1916 _xNotebooks, sketchbooks, etc. |
| 650 | 0 |
_9237 _aBiography |
|
| 653 | _aბიოგრაფია | ||
| 700 | 1 |
_aEdel, Leon, _d1907-1997. |
|
| 700 | 1 |
_aPowers, Lyall Harris, _d1924- |
|
| 856 | 4 | 2 |
_3Publisher description _uhttp://www.loc.gov/catdir/enhancements/fy0638/86021680-d.html |
| 906 |
_a7 _bcbc _corignew _d1 _eocip _f19 _gy-gencatlg |
||
| 942 |
_2udc _cBK |
||
| 999 |
_c1106 _d1106 |
||